| 000 | 00734nam a2200241 a 4500 | ||
|---|---|---|---|
| 001 | 13182 | ||
| 003 | BD-RjUL | ||
| 005 | 20211208235422.0 | ||
| 008 | 140130s1953 nyua 001 0 eng d | ||
| 035 | _a(BD-RjUL)13233 | ||
| 040 |
_aAIPO _beng _cAIPO _dBD-RjUL |
||
| 041 | _aeng | ||
| 082 | 0 | 4 |
_a629.132 3 _219 _bKUA 1953 |
| 100 | 1 |
_aKuchemann, Dietrich, _d1911-1976. _941047 |
|
| 245 | 1 | 0 |
_aAerodynamics of propulsion / _cDietrich Kuchemann, Johanna Weber. |
| 260 |
_aNew York : _bMcGraw-Hill, _c1953. |
||
| 300 |
_aix, 340 p. : _bill. ; _c24 cm. |
||
| 490 | 0 | _aMcGraw-Hill publications in aeronautical science | |
| 500 | _aIncludes index. | ||
| 650 | 0 |
_aAerodynamics. _941048 |
|
| 700 | 1 |
_aWeber, Johanna. _941049 |
|
| 942 |
_2ddc _cBK |
||
| 999 |
_c13182 _d13182 |
||